March of library science : Kaula festschrift : (Record no. 133832)

MARC details
000 -LEADER
fixed length control field 00747nam a22002297a 4500
005 - DATE AND TIME OF LATEST TRANSACTION
control field 20170124110216.0
010 ## - LIBRARY OF CONGRESS CONTROL NUMBER
LC control number 919740
020 ## - INTERNATIONAL STANDARD BOOK NUMBER
Terms of availability 00.00
International Standard Book Number 0706904826
035 ## - SYSTEM CONTROL NUMBER
System control number 919740
037 ## - SOURCE OF ACQUISITION
Source of stock number/acquisition Cen Lib/Ret
040 ## - CATALOGING SOURCE
Original cataloging agency DPL
Language of cataloging EN
082 ## - DEWEY DECIMAL CLASSIFICATION NUMBER
Classification number 020
Item number MAR
245 ## - TITLE STATEMENT
Title March of library science : Kaula festschrift :
Statement of responsibility, etc edited by V Venkatappaiah
Remainder of title papers presented in honour of Prof. P.N. Kaula /
260 ## - PUBLICATION, DISTRIBUTION, ETC. (IMPRINT)
Place of publication, distribution, etc New Delhi
Name of publisher, distributor, etc Vikas Publishing House
Date of publication, distribution, etc 1979
270 ## - ADDRESS
Address 5,Ansari Road
City New Delhi
Postal code 110002
300 ## - PHYSICAL DESCRIPTION
Extent x, 626p.
Dimensions 21cm(Hb)
500 ## - GENERAL NOTE
General note Includes index<br/>
650 ## - SUBJECT ADDED ENTRY--TOPICAL TERM
Topical term or geographic name as entry element Library science
9 (RLIN) 105337
650 ## - SUBJECT ADDED ENTRY--TOPICAL TERM
Topical term or geographic name as entry element Kaula, Prithvi Nath, -- 1924
9 (RLIN) 39043
700 ## - ADDED ENTRY--PERSONAL NAME
Personal name Venkatappaiah, V.
9 (RLIN) 23046
942 ## - ADDED ENTRY ELEMENTS (KOHA)
Source of classification or shelving scheme Dewey Decimal Classification
Koha item type English Books
Classification part 020
Call number suffix MAR
Holdings
Withdrawn status Lost status Damaged status Not for loan Collection code Home library Current library Date acquired Source of acquisition Cost, normal purchase price Total Checkouts Full call number Barcode Date last seen Copy number Cost, replacement price Price effective from Koha item type
      Not For Loan Reference Central Library Central Library 28/07/2015 Cen Lib/Ret 0.00   020 MAR 919740 28/07/2015 1 0.00 28/07/2015 English Books

© Delhi Public Library
Hit Counter
free hit counter